CHILD AND ADOLESCENT PSYCHOPATHOLOGY (Record no. 26678)

MARC details
000 -LEADER
fixed length control field 00339nam a22001577a 4500
003 - CONTROL NUMBER IDENTIFIER
control field SGT
020 ## - INTERNATIONAL STANDARD BOOK NUMBER
International Standard Book Number 9781119169956
082 ## - DEWEY DECIMAL CLASSIFICATION NUMBER
Classification number 618.92,BEA
100 ## - MAIN ENTRY--PERSONAL NAME
Personal name BEARCHAINE T.P.
245 ## - TITLE STATEMENT
Title CHILD AND ADOLESCENT PSYCHOPATHOLOGY
250 ## - EDITION STATEMENT
Edition statement 3RD
260 ## - PUBLICATION, DISTRIBUTION, ETC. (IMPRINT)
Place of publication, distribution, etc CANDA
Name of publisher, distributor, etc WILEY
Year of Publication 2017
300 ## - PAGE DESCRIPTION
No. of Pages 889
650 ## - SUBJECT ADDED ENTRY--TOPICAL TERM
Topical term or geographic name as entry element PSYCHOLOGY
942 ## - ADDED ENTRY ELEMENTS (KOHA)
Source of classification or shelving scheme Dewey Decimal Classification
Koha item type Books
Holdings
Withdrawn status Lost status Source of classification or shelving scheme Damaged status Use restrictions Not for loan Collection code Home library Current library Shelving location Date acquired Vendor Name Cost, normal purchase price SGTU Bill Number Total Checkouts Full call number Accession No. (Barcode) Date last seen Bill Date Koha item type
    Dewey Decimal Classification   Restricted Access Not For Loan ENGINEERING SGT Engineering Library SGT Engineering Library Reference Book 15/07/2024 ABC PUBLISHERS & DISTRIBUTORS PVT. LTD. 9890.00 SGTU IN39   618.92,BEA FE9093 15/07/2024 26/06/2024 Books